000 00508nam a2200181Ia 4500
005 20250326124637.0
008 250326s9999 xx 000 0 und d
037 _aTextbook
040 _aFMSL
_beng
_cFMSL
041 _aeng
_2eng
084 _aX:8(S:44) K6
_qFMSL
100 _aGore W J
_9737703
245 0 _aAdministrative decision - making: heuristic model
_cGore W J
260 _aNY
_bNY, John Wiley
_c1966
300 _a191p
942 _cTB
_hX:8(S:44) K6
999 _c1274546
_d1274546